00317nam a2200121Ia 45000030006000000080041000060400015000471000026000622450046000882600032001345460012001660050017001780STCL150530s9999 xx 000 0 und d aSTCLcSTCL aReserve Bank of India aReserve Bank of In dia general regulation bReserve Bank of Indiac1949 aEnglish20220125165532.0